000
00232nam a2200097Ia 4500
008
230907s9999||||xx |||||||||||||| ||und||
082
_a
687.162
_b
LIG
245
0
_a
Lightweight ballistic composites :
300
_a
429 p.
942
_c
BK
999
_c
600824
_d
600824